| 000 | 00502nam a2200181 4500 | ||
|---|---|---|---|
| 001 | VA38470 | ||
| 003 | ES-SlBCS | ||
| 005 | 20210601154042.0 | ||
| 008 | 140520s1989 xxu||||| |||| 00| 0 spa d | ||
| 041 | _aspa | ||
| 100 | 1 |
_aGarin, Eugenio _962624 |
|
| 245 | 1 | 0 |
_aDescartes _cEugenio Garin; José Martínez Gázquez |
| 260 |
_aBarcelona : _bCrítica _c, 1989 |
||
| 300 |
_a242 p.; _c20 cm |
||
| 600 | 1 | 4 |
_aDescartes, René _d, 1596-1650 _917203 |
| 700 | 1 | 0 |
_aMartínez Gázquez, José _96574 |
| 942 | _cBK | ||
| 999 |
_c799482 _d799482 |
||